[Event "Ostrava Konik op"]
[Site "Ostrava"]
[Date "2014.04.29"]
[Round "4"]
[White "Vinklarek, Robert"]
[Black "Kocur, Radim"]
[Result "0-1"]
[WhiteElo "1752"]
[BlackElo "1719"]
[PlyCount "98"]
[EventDate "2014.04.26"]
[EventType "swiss"]
[EventRounds "9"]
[EventCountry "CZE"]
[SourceTitle "CBM 160 Extra"]
[Source "ChessBase"]
[SourceDate "2014.07.01"]
[SourceVersion "1"]
[SourceVersionDate "2014.07.01"]
[SourceQuality "1"]

1. d4 d5 2. c4 c6 3. e3 Nf6 4. Nc3 Bf5 5. Qb3 Qb6 6. Qxb6 axb6 7. cxd5 cxd5 8. Bb5+ Nc6 9. Nf3 e6 10. Ne5 Rc8 11. a3 Bd6 12. Nf3 0-0 13. 0-0 Na5 14. Na4 Nb3 15. Nxb6 Rc7 16. Bd2 Nxa1 17. Rxa1 Ne4 18. Ba5 Rc2 19. b4 Rxf2 20. Rc1 Kh8 21. Nd7 Ra8 22. Nb6 Rg8 23. Ng5 Rxg2+ 24. Kxg2 Nxg5 25. h4 Be4+ 26. Kf1 Nf3 27. Nc8 Bb8 28. Ne7 Rf8 29. h5 Nd2+ 30. Ke2 Nb3 31. Rc3 Nxa5 32. bxa5 Bd6 33. Nc8 Bxa3 34. Nb6 Bb4 35. Rc7 Bxa5 36. Rxb7 Bxb6 37. Rxb6 h6 38. Rb7 g6 39. hxg6 Bxg6 40. Re7 Kg7 41. Kf3 Kf6 42. Rc7 h5 43. Rc1 Rh8 44. Bf1 Be4+ 45. Kf4 Rg8 46. Be2 h4 47. Bg4 Rg6 48. Rf1 Ke7 49. Rf2 Rf6+ 0-1